[Event "Open"]
[Site "Metz FRA"]
[Date "2007.04.16"]
[Round "3"]
[White "Spraggett,K"]
[Black "Defrance,L"]
[Result "1-0"]
[WhiteElo "2631"]
[BlackElo "2177"]

1.e4 d6 2.d4 Nf6 3.Nc3 Nbd7 4.g4 h6 5.h3 e5 6.Nge2 c6 7.a4 a6 8.Bg2 Rb8 9.a5 b5
10.axb6 Qxb6 11.b3 Be7 12.Be3 Qc7 13.Ng3 g6 14.Qd2 h5 15.g5 Nh7 16.h4 f6
17.gxf6 Ndxf6 18.f3 O-O 19.Nge2 Rf7 20.Qd3 Nf8 21.Bh3 N6d7 22.f4 exd4 23.Bxd4 Nc5
24.Bxc5 dxc5 25.Bxc8 Rxc8 26.e5 Rd8 27.Qxa6 Ne6 28.O-O Nd4 29.Nxd4 Rxd4 30.Ne2 Qd7
31.Rf2 Rd1+ 32.Rxd1 Qxd1+ 33.Kh2 Qe1 34.Kg2 Bxh4 35.Rf1 Qd2 36.Qc4 Kg7 37.Qe4 Qd5
38.Nc3 Qxe4+ 39.Nxe4 Rd7 40.Kf3 Be7 41.Ra1 Kf7 42.Ra6 Rd1 43.Rxc6 Rf1+ 44.Ke3 Re1+
45.Kd3 Rd1+ 46.Ke2 Rc1 47.e6+ Kf8 48.Rc8+ Kg7 49.Re8 Bf6 50.Kd2 Rf1 51.e7 h4
52.Rg8+  1-0

[Event "Abierto"]
[Site "Berazategui ARG"]
[Date "2007.04.19"]
[Round "2"]
[White "Felgaer,R"]
[Black "Perelman,H"]
[Result "1-0"]
[WhiteElo "2574"]
[BlackElo "2311"]

1.e4 d6 2.d4 Nf6 3.Nc3 Nbd7 4.Nf3 e5 5.Bc4 Be7 6.O-O O-O 7.Re1 c6 8.a4 h6
9.b3 Re8 10.Bb2 Qc7 11.Bd3 exd4 12.Nxd4 Ne5 13.Bf1 Bf8 14.f4 Ng6 15.Qd2 Bd7
16.g3 Rad8 17.Bg2 a6 18.a5 c5 19.Nf3 Bc6 20.Nd5 Nxd5 21.exd5 Bd7 22.Qc3 Qc8
23.Nd2 Rxe1+ 24.Rxe1 Re8 25.Nc4 Rxe1+ 26.Qxe1 Qd8 27.Qe4 Be7 28.f5 Nf8 29.Qf4 Bg5
30.Qxd6 Bxf5 31.Qe5 Qf6 32.Qxf6 Bxf6 33.Bxf6 gxf6 34.Ne3 Bc8 35.d6 Kg7 36.Nd5 Bf5
37.Ne3 Bc8 38.Nc4 Nd7 39.Nb6 Nxb6 40.axb6 Kf8 41.Bc6  1-0

[Event "VI It"]
[Site "Sao Jose do Rio Preto ARG"]
[Date "2007.04.19"]
[Round "1"]
[White "Oliveira,Si"]
[Black "Dolezal,C"]
[Result "1/2-1/2"]
[WhiteElo "2187"]
[BlackElo "2414"]

1.e4 d6 2.d4 Nf6 3.Nc3 c6 4.Nf3 Bg4 5.h3 Bh5 6.Be2 e6 7.O-O Be7 8.d5 cxd5
9.exd5 Bxf3 10.Bxf3 e5 11.g3 O-O 12.Bg2 Re8 13.Be3 Nbd7 14.a4 a6 15.a5 Rc8
16.Na4 Qc7 17.c3 Bd8 18.g4 h6 19.b4 Qc4 20.Nb2 Qb5 21.Qd2 Nf8 22.c4 Qd7 23.c5 e4
24.Nc4 dxc5 25.bxc5 Bc7 26.d6 Bd8 27.Rab1 Qe6 28.Nb6 Bxb6 29.axb6 N8d7 30.Rbc1 Rc6
31.Bd4 Rec8 32.Qe3 Re8 33.f3 Ne5 34.fxe4 Nfd7 35.g5 hxg5 36.Qxg5 Rec8 37.Qf5 Qe8
38.Rc3 Rxc5 39.Bxc5 Rxc5 40.Rxc5 Nxc5 41.Rc1 g6 42.Qf6 Ned3 43.Qe7 Qa4 44.Rf1 Qd4+
45.Kh1 Ne5 46.Qd8+ Kg7 47.Qf6+ Kg8 48.Qd8+ Kg7 49.Qf6+  1/2-1/2

[Event "TCh-ITA"]
[Site "Palermo ITA"]
[Date "2007.04.21"]
[Round "4"]
[White "Mogranzini,R"]
[Black "Scalcione,M"]
[Result "1/2-1/2"]
[WhiteElo "2421"]
[BlackElo "2276"]

1.e4 d6 2.d4 Nf6 3.Nc3 e5 4.Nf3 Nbd7 5.Bc4 Be7 6.O-O O-O 7.a4 c6 8.Ba2 b6
9.Re1 a6 10.h3 Rb8 11.d5 c5 12.Bc4 Ne8 13.Qe2 Nc7 14.Bd3 Kh8 15.b3 Bf6 16.Bd2 g6
17.Nd1 Bg7 18.Ne3 Qe7 19.Nc4 f5 20.Bg5 Bf6 21.Bxf6+ Qxf6 22.Qd2 f4 23.Kf1 Kg7
24.Ke2 Bb7 25.Rab1 b5 26.Na5 Nb6 27.Kd1 Ba8 28.axb5 axb5 29.c4 b4 30.Kc2 Rf7
31.Ra1 Ne8 32.Ra2 Nc8 33.Be2 Ra7 34.Rea1 Ne7 35.g3 Rb6 36.Kd3 Rba6 37.Qb2 g5
38.gxf4 exf4 39.Qxf6+ Kxf6 40.Nh2 Ng6 41.Bg4 Ne5+ 42.Kc2 Nxg4 43.hxg4 Bb7
44.Ra4 Bc8 45.Nc6 Ra8 46.Rxa6 Rxa6 47.Rxa6 Bxa6 48.Nf3 Bc8 49.e5+ dxe5 50.Nfxe5 h5
51.gxh5 g4 52.Kd3 Bf5+ 53.Ke2 Kg5 54.Ne7 Bc2 55.h6 Kxh6 56.Nxg4+ Kg5 57.Ne5 Nd6
58.Nd7 Bxb3 59.Nxc5 Bxc4+  1/2-1/2

[Event "Abierto"]
[Site "Berazategui ARG"]
[Date "2007.04.22"]
[Round "7"]
[White "Mahia,G"]
[Black "Felgaer,R"]
[Result "1/2-1/2"]
[WhiteElo "2414"]
[BlackElo "2574"]

1.d4 d6 2.e4 Nf6 3.Nc3 c6 4.a4 Nbd7 5.Nf3 e5 6.Bc4 Be7 7.O-O O-O 8.a5 Nxe4
9.Nxe4 d5 10.Nxe5 Nxe5 11.dxe5 dxc4 12.Nd6 Be6 13.Nxb7 Qb8 14.Nd6 Rd8 15.Qe2 Bxd6
16.exd6 Qxd6 17.Be3 Qe5 18.Rfd1 a6 19.c3 h6 20.Qf3 Rd5 21.Rxd5 Bxd5 22.Qg3 Qxg3
23.hxg3 f6 24.f3 Kf7 25.Kf2 Rb8 26.Bb6 Re8 27.g4 Re5 28.Bd4 Re8 29.Ra4 Rb8
30.Rb4 Rxb4 31.cxb4 c5 32.Bxc5 Bc6 33.Ke3 Bb5 34.Kd4 Bc6 35.Kxc4 Bb5+ 36.Kd5 Be2
37.Kd6 Bb5 38.Be3 Bf1 39.f4 Bb5  1/2-1/2

[Event "Chess Classic Open"]
[Site "Gausdal NOR"]
[Date "2007.04.22"]
[Round "5"]
[White "Royset,P"]
[Black "Welling,G"]
[Result "1-0"]
[WhiteElo "2238"]
[BlackElo "2384"]

1.e4 d6 2.d4 Nf6 3.Nc3 e5 4.Nf3 exd4 5.Nxd4 Be7 6.Bd3 O-O 7.O-O Nc6 8.Nxc6 bxc6
9.Bf4 Nd7 10.Qf3 Bf6 11.Rad1 Rb8 12.Bc1 Ne5 13.Qg3 Be6 14.Be2 Bh4 15.Qe3 f5
16.exf5 Bxf5 17.f4 Ng4 18.Qxa7 Re8 19.Bf3 d5 20.Qc5 Qf6 21.h3 Nh6 22.Ne2 Qg6
23.Nd4 Bxh3 24.Qxc6 Qg3 25.Bxd5+ Kh8 26.Rd3  1-0

[Event "XX Open"]
[Site "Benidorm ESP"]
[Date "2007.04.23"]
[Round "1"]
[White "Alcaraz Carcel,A"]
[Black "Gagunashvili,M"]
[Result "0-1"]
[WhiteElo "1946"]
[BlackElo "2625"]

1.d4 d6 2.e4 Nf6 3.Nc3 Nbd7 4.Bc4 e5 5.Nge2 c6 6.a4 Be7 7.O-O O-O 8.Kh1 Re8
9.f3 Qc7 10.Be3 Nf8 11.Qd2 a5 12.Rfd1 exd4 13.Nxd4 Ng6 14.Qf2 Bf8 15.Rd2 Ne5
16.Be2 Nfd7 17.Nb3 b6 18.f4 Ng6 19.Rad1 Nc5 20.Nd4 Bd7 21.Bf3 Rad8 22.g4 Ne7
23.Nde2 d5 24.exd5 Nxd5 25.Nxd5 cxd5 26.Nc3 Bc6 27.Bxd5 Rxd5 28.Rxd5 Ne4
29.Nxe4 Rxe4 30.b3 Qe7 31.Bxb6 Bxd5 32.Rxd5 Re1+ 33.Kg2 Re2 34.Rd2 Rxf2+
35.Rxf2 Qd8 36.h3 Qd5+  0-1

[Event "XX Open"]
[Site "Benidorm ESP"]
[Date "2007.04.28"]
[Round "6"]
[White "Khamrakulov,I"]
[Black "Garcia Fernandez,C"]
[Result "1-0"]
[WhiteElo "2545"]
[BlackElo "2377"]

1.e4 d6 2.d4 Nf6 3.Nc3 e5 4.Nf3 Nbd7 5.Bc4 Be7 6.O-O O-O 7.Re1 c6 8.a4 a5
9.Ba2 exd4 10.Nxd4 Nc5 11.Bf4 Be6 12.Nxe6 fxe6 13.e5 Nd5 14.Nxd5 cxd5 15.Qd4 dxe5
16.Bxe5 Rf7 17.Re2 Rc8 18.c4 dxc4 19.Qxc4 Kh8 20.h3 Rc6 21.Qb5 Bf6 22.Rc1 Be7
23.Bc3 Ra6 24.Rd2 Qf8 25.Bd4 Rc6 26.Rdc2 Rf5 27.Qe2 b6 28.Rc3 Rd6 29.Be5 Rd7
30.Bb1 Rf7 31.Qh5 Qg8 32.Bxh7 Qxh7 33.Qxf7 Bd6 34.Qe8+ Qg8 35.Qh5+ Qh7 36.Rxc5 Qxh5
37.Bxg7+ Kxg7 38.Rxh5 Bc5 39.Rcxc5  1-0

[Event "9th Open"]
[Site "Dubai UAE"]
[Date "2007.04.28"]
[Round "7"]
[White "Sethuraman,S"]
[Black "Al Sayed,Mohamad"]
[Result "0-1"]
[WhiteElo "2332"]
[BlackElo "2465"]

1.e4 d6 2.d4 Nf6 3.Nc3 e5 4.dxe5 dxe5 5.Qxd8+ Kxd8 6.Bc4 Be6 7.Bxe6 fxe6
8.f3 Bc5 9.Nh3 Nc6 10.Bg5 Ke7 11.O-O-O a6 12.Bh4 Rad8 13.Nf2 g5 14.Bg3 Nh5
15.Nd3 Be3+ 16.Kb1 Nf4 17.Nxf4 exf4 18.Be1 h5 19.h4 g4 20.Rf1 Ne5 21.a3 b5
22.Ka2 c5 23.Bf2 Bxf2 24.Rxd8 Rxd8 25.Rxf2 g3 26.Re2 Rd4 27.Re1 Rd2 28.Ne2 Ng6
29.Kb1 Nxh4 30.Kc1 Rxe2 31.Rxe2 Nxg2 32.Rxg2 h4 33.Kd2 h3 34.Rg1 h2 35.Rh1 g2
36.Rxh2 g1=Q  0-1

[Event "TCh-FRA Top 16"]
[Site "Montpellier FRA"]
[Date "2007.04.28"]
[Round "4"]
[White "Leclair,M"]
[Black "Manouck,T"]
[Result "0-1"]
[WhiteElo "2024"]
[BlackElo "2344"]

1.e4 d6 2.d4 Nf6 3.Nc3 Nbd7 4.Nf3 e5 5.Bc4 Be7 6.O-O O-O 7.Re1 c6 8.a4 a5
9.h3 h6 10.Ba2 Re8 11.Be3 Qc7 12.Nh4 Nf8 13.Qf3 exd4 14.Bxd4 Ne6 15.Bxe6 Bxe6
16.Nf5 Bxf5 17.Qxf5 Nd7 18.Rad1 Bf6 19.Bxf6 Nxf6 20.Re3 Re5 21.Qf3 Rae8 22.Qe2 R5e6
23.b3 Qb6 24.Rdd3 Qb4 25.Na2 Qc5 26.Nc3 Kf8 27.Kh1 d5 28.exd5 Rxe3 29.Rxe3 Qxc3
30.Rxe8+ Nxe8 31.dxc6 bxc6 32.Qd3 Qe1+  0-1

[Event "XIII Open"]
[Site "Cutro ITA"]
[Date "2007.04.29"]
[Round "7"]
[White "Marholev,D"]
[Black "Agrest,S"]
[Result "1-0"]
[WhiteElo "2375"]
[BlackElo "2257"]

1.e4 d6 2.d4 Nf6 3.Nc3 e5 4.Nge2 Nbd7 5.g3 Be7 6.Bg2 O-O 7.O-O c6 8.a4 a5
9.h3 exd4 10.Nxd4 Nc5 11.Re1 Re8 12.g4 h6 13.b3 Qb6 14.Bb2 Bf8 15.Nf5 Bxf5
16.gxf5 Rad8 17.Qd4 Qb4 18.Rad1 Rd7 19.Qe3 d5 20.Na2 Qb6 21.Bxf6 gxf6 22.Qg3+ Kh7
23.exd5 Bd6 24.Qh4 Be5 25.dxc6 Rde7 26.Re3 bxc6 27.Qc4 Rg8 28.Kf1 Rg7 29.f4 Ne6
30.fxe6 Qxe3 31.Qe4+ Qxe4 32.Bxe4+ Kh8 33.Rd8+ Rg8 34.Rxg8+ Kxg8 35.exf7+ Rxf7
36.fxe5 fxe5+ 37.Ke2 Rf6 38.Nc1 Kf7 39.Nd3 Ke6 40.Bxc6 Kd6 41.Be4 Rf8 42.c3 Rg8
43.b4 Rc8 44.Nc5 axb4 45.cxb4 Rb8 46.Nb7+ Kc7 47.a5 Rg8 48.b5 Rg3 49.b6+  1-0

[Event "TCh-FRA Top 16"]
[Site "Gonfreville l'Orcher FRA"]
[Date "2007.04.30"]
[Round "6"]
[White "Govciyan,P"]
[Black "Payen,Ar"]
[Result "1-0"]
[WhiteElo "2414"]
[BlackElo "2378"]

1.d4 Nf6 2.Nc3 d6 3.e4 e5 4.Nge2 exd4 5.Nxd4 Be7 6.Be2 O-O 7.O-O Re8 8.f4 Bf8
9.Bf3 c5 10.Nde2 Nc6 11.h3 Bd7 12.g4 h6 13.Ng3 Nd4 14.Bg2 b5 15.a3 Bc6 16.g5 hxg5
17.fxg5 Nd7 18.Nd5 Bxd5 19.exd5 Qb6 20.Kh2 b4 21.axb4 g6 22.c3 Nb5 23.Ne4 Bg7
24.Nf6+ Nxf6 25.gxf6 Bh8 26.Qg4 Nc7 27.Be4 Rxe4 28.Qxe4 Re8 29.Qd3 cxb4 30.c4 Re1
31.Kg2 Rxf1 32.Kxf1 Bxf6 33.Be3 Qb8 34.Bxa7 Qc8 35.Kg2 Bxb2 36.Rb1 Be5 37.Rxb4 Na6
38.Rb1 Nc5 39.Qe2 Qf5 40.Rf1 Qg5+ 41.Qg4 Qe3 42.h4 Qe4+ 43.Qxe4 Nxe4 44.Be3 Kf8
45.Bf4 Bxf4 46.Rxf4 Nc5 47.Kg3 f5 48.Rf3 Kg7 49.Kf4 Kf7 50.h5 Ne4 51.hxg6+ Kxg6
52.Re3 Kf6 53.Rh3 Nd2 54.Rh6+ Ke7 55.Kxf5 Nxc4 56.Rh7+  1-0

[Event "I Open Casino"]
[Site "Lugano SUI"]
[Date "2007.04.30"]
[Round "3"]
[White "Tomassoni,L"]
[Black "Moreschi,M"]
[Result "0-1"]
[WhiteElo "2023"]
[BlackElo "1963"]

1.e4 d6 2.d4 Nf6 3.Nc3 e5 4.dxe5 dxe5 5.Qxd8+ Kxd8 6.Bg5 Be6 7.O-O-O+ Nd7
8.Nf3 Bd6 9.Bb5 Kc8 10.h3 Bc5 11.Bh4 c6 12.Bd3 Nh5 13.Ng5 Nf4 14.Nxe6 Nxe6
15.Bc4 Re8 16.Na4 Bf8 17.Be2 Be7 18.Bg3 Bg5+ 19.Kb1 Kc7 20.h4 Bh6 21.Bg4 b6
22.h5 Bg5 23.Rd3 Nec5 24.Bxd7 Nxd7 25.Rhd1 Rad8 26.f3 f6 27.Bf2 Nf8 28.Nc3 Rxd3
29.Rxd3 Ne6 30.g3 g6 31.hxg6 hxg6 32.b4 Rd8 33.Rxd8 Kxd8 34.Ne2 Bd2 35.a3 Ng5
36.Ng1 Kc7 37.c4 Bc3 38.Kc2 Bd4 39.Bxd4 exd4 40.Kd3 c5 41.f4 Nf7 42.Nf3 Kd6
43.Nh4 g5 44.Nf5+ Kd7 45.Ng7 gxf4 46.gxf4 Nh6 47.bxc5 bxc5 48.Nh5 Ng4 49.Ng3 a5
50.a4 Ke6 51.Ke2 Ne3 52.Kd3 Nd1 53.Kc2 Nc3 54.Kb3 Kd6 55.Nf5+ Kd7 56.Ng3 Ke6
57.e5 fxe5 58.fxe5 Kxe5 59.Nf1 Ke4 60.Nd2+ Ke3 61.Kc2 Nxa4  0-1

[Event "TCh-FRA Top 16"]
[Site "Montpellier FRA"]
[Date "2007.04.30"]
[Round "6"]
[White "Kurmann,O"]
[Black "Manouck,T"]
[Result "1/2-1/2"]
[WhiteElo "2433"]
[BlackElo "2344"]

1.e4 d6 2.d4 Nf6 3.Nc3 Nbd7 4.g4 h6 5.h3 e5 6.Nge2 c6 7.Bg2 b5 8.Ng3 g6 9.O-O Bg7
10.Be3 Bb7 11.Qd2 Qe7 12.a3 Nb6 13.b3 Rd8 14.Rad1 exd4 15.Bxd4 O-O 16.Rfe1 Rfe8
17.Be3 Qf8 18.Bd4 Kh7 19.Qf4 Re6 20.Qd2 Ree8 21.Qf4 Re6 22.Qd2  1/2-1/2

[Event "TCh-FRA Top 16"]
[Site "Gonfreville l'Orcher FRA"]
[Date "2007.05.01"]
[Round "7"]
[White "De la Riva Aguado,O"]
[Black "Galdunts,S"]
[Result "1-0"]
[WhiteElo "2525"]
[BlackElo "2506"]

1.e4 d6 2.d4 Nf6 3.Nc3 e5 4.Nf3 Nbd7 5.Bc4 Be7 6.O-O O-O 7.Re1 c6 8.a4 a5
9.b3 h6 10.Bb2 Qc7 11.h3 Rd8 12.Qd2 Nf8 13.Rad1 Ng6 14.Qe3 Re8 15.Bf1 Nh7
16.Ne2 Ng5 17.Ng3 Nf4 18.dxe5 Nxf3+ 19.Qxf3 dxe5 20.Nf5 Bb4 21.Re3 Kh7 22.Nxg7 Nxh3+
23.gxh3 Rg8 24.Qf6 Rxg7+ 25.Rg3 Rxg3+ 26.fxg3 Qe7 27.Bxe5 Qxf6 28.Bxf6 Be6
29.Kf2 h5 30.Kf3 Kg6 31.e5 Bd5+ 32.Kf4 Bc3 33.Bd3+ Kh6 34.g4 hxg4 35.hxg4 Rg8
36.g5+ Kh5 37.Bh7  1-0

[Event "Open"]
[Site "Halkidiki GRE"]
[Date "2007.05.01"]
[Round "4"]
[White "Solak,D"]
[Black "Bibik,J"]
[Result "1-0"]
[WhiteElo "2575"]
[BlackElo "2354"]

1.e4 d6 2.d4 Nf6 3.Nc3 c6 4.f4 Qa5 5.Bd3 e5 6.Nf3 Bg4 7.Be3 Nbd7 8.h3 Bxf3
9.Qxf3 exd4 10.Bxd4 Qb4 11.Qe3 Be7 12.a3 Qa5 13.b4 Qc7 14.e5 Nd5 15.Nxd5 cxd5
16.O-O O-O 17.e6 Nf6 18.Bxa7 fxe6 19.Qxe6+ Kh8 20.Bd4 Bd8 21.a4 Re8 22.Qf5 Qf7
23.Rae1 Rf8 24.a5 Kg8 25.Rf3 g6 26.Rg3 Ne4 27.Qxf7+ Rxf7 28.Bxe4  1-0

[Event "I Open Casino"]
[Site "Lugano SUI"]
[Date "2007.05.01"]
[Round "6"]
[White "Zozulia,A"]
[Black "Moreschi,M"]
[Result "1-0"]
[WhiteElo "2344"]
[BlackElo "1963"]

1.e4 d6 2.d4 Nf6 3.Nc3 e5 4.dxe5 dxe5 5.Qxd8+ Kxd8 6.Bg5 Be6 7.O-O-O+ Nd7
8.f4 exf4 9.Nf3 Be7 10.Bxf4 c6 11.a3 Ng4 12.Rd2 Bc5 13.Na4 Be3 14.Bxe3 Nxe3
15.Nc5 Kc7 16.Nxe6+ fxe6 17.Bd3 Ng4 18.Ng5 Rad8 19.Bc4 Nf8 20.Rf1 Nf6 21.e5 Nd5
22.Rf7+ Nd7 23.Rxg7 Rdg8 24.Nxe6+  1-0

[Event "TCh-RUS w"]
[Site "Sochi RUS"]
[Date "2007.05.01"]
[Round "1"]
[White "Zakurdjaeva,I"]
[Black "Kharashuta,E"]
[Result "1-0"]
[WhiteElo "2286"]
[BlackElo "2218"]

1.e4 d6 2.d4 Nf6 3.Nc3 e5 4.Nf3 Nbd7 5.Bc4 Be7 6.O-O O-O 7.Re1 c6 8.a4 b6
9.b3 Bb7 10.Bb2 a6 11.Bf1 Re8 12.dxe5 dxe5 13.Nh4 g6 14.g3 b5 15.axb5 axb5
16.Rxa8 Qxa8 17.Qe2 b4 18.Ra1 Qb8 19.Nb1 c5 20.Nd2 Bc6 21.Qf3 Qb7 22.Ba6 Qc7
23.Qe2 Ra8 24.Ng2 Qd6 25.Bd3 Rxa1+ 26.Bxa1 Qc7 27.Ne3 Bf8 28.Nec4 Bg7 29.Bb2 Ne8
30.Qf1 Nf8 31.Qa1 f6 32.Ne3 Nd6 33.Nd5 Qb7 34.Qa5 Bxd5 35.exd5 Qxd5 36.Qd8 Qc6
37.Nc4 Nf7 38.Qe7 Ng5 39.Nd2 Nh3+ 40.Kf1 Qh1+ 41.Ke2 h5 42.Be4 Qxh2 43.Qxc5 h4
44.Nf3 Ng1+ 45.Nxg1 Qxg1 46.Qxb4 hxg3 47.Bd5+ Kh7 48.Qh4+ Bh6 49.Qxg3 Qxg3
50.fxg3 Nd7 51.b4 Bf8 52.Ba3 f5 53.c4 Nb6 54.Be6 Kg7 55.c5 Kf6 56.Bb3 Nd7
57.Ba4 Ke6 58.Bb3+ Kf6 59.Kd3 e4+ 60.Kd4 Ne5  1-0

[Event "TCh-RUS w"]
[Site "Sochi RUS"]
[Date "2007.05.02"]
[Round "2"]
[White "Lahno,Kateri"]
[Black "Bystryakova,E"]
[Result "1/2-1/2"]
[WhiteElo "2467"]
[BlackElo "2189"]

1.e4 d6 2.d4 Nf6 3.Nc3 e5 4.Nf3 exd4 5.Nxd4 Be7 6.g3 d5 7.e5 Ng4 8.e6 Nf6
9.exf7+ Kxf7 10.Bg2 Re8 11.O-O c6 12.Re1 Na6 13.Bg5 Nc7 14.Qd3 Kg8 15.h3 Nd7
16.Rxe7 Rxe7 17.Nf5 Nf6 18.Nxe7+ Qxe7 19.a3 Bd7 20.Be3 b6 21.a4 Qb4 22.b3 Rd8
23.Bd2 Qf8 24.a5 b5 25.Be3 a6 26.Bb6 Rc8 27.Bxc7 Rxc7 28.Qd4 Qd6 29.Rd1 Bf5
30.Rd2 Re7 31.Kh2 Qe5 32.Ne2 Ne4 33.Qxe5 Rxe5 34.Bxe4 Bxe4 35.b4 Bf5 36.Nd4 Bd7
37.Re2 Rxe2 38.Nxe2 Kf7 39.Nd4 Ke7 40.g4 Kd6 41.Nb3 d4 42.Kg3 Kd5 43.Nc5 Bc8
44.Kf4 Kc4 45.Nd3 h5 46.gxh5 Bxh3 47.Ke4 Kc3 48.Nc5 Kxb4 49.Nxa6+ Kxa5 50.Nc5 Bg4
51.Kxd4 Kb6 52.c3 Bxh5 53.Ne6 g6 54.Nc5 Bg4 55.f4 Bf5 56.Nb3 Bc2 57.Nc5 Bf5
58.Nb3 Bc2 59.Nc5 Bf5  1/2-1/2

[Event "2nd President's Cup"]
[Site "Baku AZE"]
[Date "2007.05.03"]
[Round "1"]
[White "Babaev,Ra"]
[Black "Alieva,E"]
[Result "1/2-1/2"]
[WhiteElo "2510"]
[BlackElo "2076"]

1.e4 d6 2.d4 Nf6 3.Nc3 c6 4.a4 Qa5 5.Bd3 e5 6.Ne2 Be7 7.O-O O-O 8.Bd2 Qc7
9.a5 Nbd7 10.h3 exd4 11.Nxd4 Nc5 12.Qf3 Nxd3 13.cxd3 Be6 14.Nf5 Bxf5 15.Qxf5 Qd7
16.Qf3 Ne8 17.Ne2 f5 18.Qg3 Nf6 19.Bc3 fxe4 20.dxe4 d5 21.Rad1 Bd6 22.e5 Ne4
23.Qd3 Nxc3 24.Qxc3 Bxe5 25.Qxe5 Rae8 26.Qd4 Rxe2 27.Qxa7 Qf5 28.b4 Qc2 29.Rc1  1/2-1/2

[Event "TCh-RUS"]
[Site "Sochi RUS"]
[Date "2007.05.03"]
[Round "2"]
[White "Belov,Vl"]
[Black "Maletin,P"]
[Result "1/2-1/2"]
[WhiteElo "2586"]
[BlackElo "2541"]

1.e4 d6 2.d4 Nf6 3.Nc3 e5 4.Nf3 Nbd7 5.Be2 Be7 6.g4 h6 7.Rg1 c6 8.h4 h5 9.gxh5 Nxh5
10.Be3 Bf6 11.a3 Qe7 12.Qd2 Nf8 13.O-O-O Ng6 14.dxe5 dxe5 15.Ng5 Ngf4 16.Bc4 Ne6
17.Nd5 cxd5 18.exd5 Bxg5 19.hxg5 Nd8 20.f4 Bf5 21.fxe5 Rc8 22.Bb3 O-O 23.Bd4 Bg6
24.Rg2 b6 25.Rh1 Nb7 26.d6 Qd7 27.Qd1 Na5 28.Bd5 Qb5 29.Bc3 Rxc3 30.bxc3 Nc4
31.Bxc4 Qxc4 32.Rgh2 Qxc3 33.Rxh5 Qa1+ 34.Kd2 Qd4+ 35.Kc1 Qa1+ 36.Kd2 Qd4+
37.Kc1  1/2-1/2

[Event "TCh-RUS w"]
[Site "Sochi RUS"]
[Date "2007.05.03"]
[Round "3"]
[White "Kuzevanova,E"]
[Black "Prudnikova,E"]
[Result "1/2-1/2"]
[WhiteElo "2176"]
[BlackElo "2159"]

1.e4 d6 2.d4 Nf6 3.Nc3 e5 4.Nf3 Nbd7 5.Bc4 Be7 6.O-O O-O 7.h3 c6 8.a4 Nxe4
9.Nxe4 d5 10.Bb3 dxe4 11.Nxe5 Nxe5 12.dxe5 Bg5 13.Qxd8 Bxd8 14.Re1 Bf5 15.c3 Bc7
16.Bc2 Bxe5 17.g4 Bg6 18.Bxe4 Bxe4 19.Rxe4 Rfe8 20.Kf1 Bc7 21.Rxe8+ Rxe8
22.Be3 a6 23.Rd1 Rd8 24.Rxd8+ Bxd8 25.Ke2 Kf8 26.Kd3 Ke7 27.Ke4 Ke6 28.f4 g6
29.f5+ Kd6 30.c4 Bf6 31.b3 g5 32.Bf2 Bc3 33.Be3 f6 34.c5+ Ke7 35.Kd3 Be5
36.Kc4 Kd7 37.Bd2 Kc8 38.b4 Kd7 39.Be3 Kc8 40.b5 axb5+ 41.axb5 Kc7 42.Bd2 Kc8
43.Be1 Kd7 44.h4 h6 45.h5 Kc8 46.Kb4 Kb8 47.Ka4 Kc8 48.Ba5 Kd7 49.Bb6 Bc3
50.Kb3 Be5 51.Kc4 Bc7 52.Ba7 Be5 53.Kb4 Bc7 54.Ka4 Be5 55.Bb6 Bd4 56.Ba7 Be5  1/2-1/2

[Event "TCh-RUS w"]
[Site "Sochi RUS"]
[Date "2007.05.03"]
[Round "3"]
[White "Vasilevich,I"]
[Black "Kharashuta,E"]
[Result "1-0"]
[WhiteElo "2380"]
[BlackElo "2218"]

1.e4 d6 2.d4 Nf6 3.Nc3 e5 4.Nf3 Nbd7 5.Bc4 Be7 6.O-O O-O 7.Re1 c6 8.a4 a5
9.b3 h6 10.Ba3 Re8 11.Qd2 Nh7 12.Rad1 Ng5 13.Qe3 Qc7 14.dxe5 Nxe5 15.Nh4 Bg4
16.Be2 Ne6 17.Bxg4 Nxg4 18.Qg3 Bxh4 19.Qxh4 Nf6 20.Bxd6 Qb6 21.e5 Nh7 22.Ne4 Nhg5
23.Kh1 c5 24.f4 Nxe4 25.Rxe4 Qc6 26.Rc4 Rad8 27.Qg4 b6 28.f5 Ng5 29.h4 Nh7
30.f6 g6 31.Qf4 g5 32.hxg5 hxg5 33.Qh2 Qd7 34.Qh6  1-0

[Event "TCh-RUS w"]
[Site "Sochi RUS"]
[Date "2007.05.03"]
[Round "3"]
[White "Mongontuul,B"]
[Black "Kirillova,V"]
[Result "1-0"]
[WhiteElo "2388"]
[BlackElo "2251"]

1.e4 d6 2.d4 Nf6 3.Nc3 e5 4.Nf3 Nbd7 5.Bc4 Be7 6.O-O O-O 7.Re1 c6 8.a4 Rb8
9.Bg5 h6 10.Bxf6 Bxf6 11.d5 Nb6 12.Bb3 a5 13.Qd3 Be7 14.Red1 Bd7 15.Nd2 Kh8
16.Nc4 Nxc4 17.Bxc4 f5 18.Rab1 Qb6 19.exf5 Bxf5 20.Qe2 Bg4 21.Qxg4 Rxf2 22.Kh1  1-0

[Event "2nd President's Cup"]
[Site "Baku AZE"]
[Date "2007.05.05"]
[Round "3"]
[White "Durarbeyli,V"]
[Black "Zubarev,Al1"]
[Result "0-1"]
[WhiteElo "2368"]
[BlackElo "2511"]

1.e4 d6 2.d4 Nf6 3.Nc3 e5 4.Nf3 Nbd7 5.Be2 Be7 6.O-O O-O 7.Bg5 h6 8.Bh4 c6
9.a4 a5 10.Qd2 Re8 11.Rad1 Qb6 12.Bc4 exd4 13.Nxd4 Nc5 14.Rfe1 Bg4 15.f3 Be6
16.Nxe6 fxe6 17.Bf2 d5 18.exd5 exd5 19.Bxd5+ cxd5 20.Nxd5 Nxd5 21.Qxd5+ Kh8
22.Rxe7 Red8 23.Bxc5 Rxd5 24.Bxb6 Rxd1+ 25.Kf2 Rd2+ 26.Kg3 Ra6 27.Rxb7 Rxc2
28.b3 Rb2 29.Bc7 Rg6+ 30.Kf4 Rbxg2 31.Bxa5 Rxh2 32.Bc3 h5 33.a5 h4 34.a6 Ra2
35.a7 h3 36.Rb5 Rxa7 37.Rh5+ Kg8 38.Rxh3 Ra3 39.Kf5 Rg2 40.Rh1 Rxb3 41.Rc1 Ra2
42.f4 Rg2 43.Bd4 Rb7 44.Rc6 Rf7+ 45.Ke4 Kh7 46.Kf3 Ra2 47.Rc5 Ra4 48.Rd5 Ra6
49.Rh5+ Rh6 50.Rg5 Rh3+ 51.Ke4 Kh6 52.Rg1 Re7+ 53.Be5 Rf7 54.Kd5 Re3 55.Kd4 Re2
56.Kd3 Rh2 57.Ke4 Rh5 58.Ra1 Rh4 59.Rg1 Ra7 60.Kf5 Rh5+ 61.Kg4 g5 62.Rb1 Rh4+
63.Kf3 Ra3+ 64.Ke4 Ra4+ 65.Kf5 Rhxf4+ 66.Bxf4 Rxf4+ 67.Ke5 Kh5 68.Rh1+ Rh4
69.Ra1 Rh3 70.Kf5 Rf3+ 71.Ke4 g4 72.Rh1+ Kg5 73.Rh8 Rf7 74.Ke3 g3 75.Rg8+ Kh4
76.Rh8+ Kg4 77.Ke2 g2 78.Rg8+ Kh3 79.Rh8+ Kg3 80.Rg8+ Kh2 81.Rh8+ Kg1 82.Ra8 Rf2+  0-1

[Event "TCh-RUS HL"]
[Site "Sochi RUS"]
[Date "2007.05.05"]
[Round "3"]
[White "Belozerov,A"]
[Black "Kalugin,Sergey"]
[Result "1-0"]
[WhiteElo "2541"]
[BlackElo "2360"]

1.e4 d6 2.d4 Nf6 3.Nc3 e5 4.Nf3 Nbd7 5.Bc4 Be7 6.O-O O-O 7.Re1 c6 8.a4 a5
9.h3 h6 10.Be3 Re8 11.Ba2 Qc7 12.Nh4 Nf8 13.Qf3 exd4 14.Bxd4 Ne6 15.Bxe6 Bxe6
16.Nf5 Bxf5 17.Qxf5 Nd7 18.Rad1 Bf6 19.Ne2 Re7 20.Ng3 d5 21.Bxf6 Nxf6 22.e5 Rae8
23.f4 Re6 24.b3 Nh7 25.Ne2 g5 26.Nd4 Rg6 27.Rd3 gxf4 28.Qxf4 Kh8 29.Nf5 Ree6
30.Rde3 Ng5 31.Nxh6 Rxh6 32.Qxg5 Qe7 33.Qxe7 Rxe7 34.Kf2 Kg7 35.g4 c5 36.Kg3 d4
37.Rf3 Rb6 38.Rf6 Rb4 39.Rd6 b5 40.axb5 Rxb5 41.Rd5 Rc7 42.Ra1 Re7 43.Ra4 f6
44.exf6+ Kxf6 45.Raxd4 Rxb3+ 46.cxb3 cxd4 47.Rxd4 Re3+ 48.Kh4 Rxb3 49.Rd6+ Kg7
50.Ra6 Ra3 51.g5 a4 52.Kg4 Ra1 53.h4 a3 54.Ra7+ Kf8 55.Kf5 a2 56.g6  1-0

[Event "TCh-RUS w"]
[Site "Sochi RUS"]
[Date "2007.05.05"]
[Round "5"]
[White "Shadrina,T"]
[Black "Kirillova,V"]
[Result "1-0"]
[WhiteElo "2378"]
[BlackElo "2251"]

1.e4 d6 2.d4 Nf6 3.Nc3 e5 4.Nf3 Nbd7 5.Bc4 Be7 6.O-O O-O 7.a4 c6 8.Ba2 Rb8
9.h3 b6 10.Re1 a6 11.dxe5 dxe5 12.Nh2 Nc5 13.Qf3 Be6 14.Bxe6 Nxe6 15.Qg3 Qc7
16.Nf3 Nd7 17.Nd1 Bb4 18.c3 Bd6 19.Ne3 Ndc5 20.Nf5 Nd3 21.Rd1 Ndf4 22.Bxf4 exf4
23.Qg4 Rbd8 24.N3d4 c5 25.Nh6+ Kh8 26.Nxf7+ Qxf7 27.Nxe6 Qf6 28.Nxd8 Rxd8
29.Rd5 Rg8 30.Rad1 Be5 31.Qh5 Bb8 32.e5 Qe6 33.Qg4 Qe7 34.e6 f3 35.Rd7 Qf6
36.e7 fxg2 37.Rd8 Qxe7 38.Rxg8+ Kxg8 39.Qc8+  1-0

[Event "TCh-RUS w"]
[Site "Sochi RUS"]
[Date "2007.05.05"]
[Round "5"]
[White "Meshcheriakova,E"]
[Black "Kharashuta,E"]
[Result "1/2-1/2"]
[WhiteElo "2309"]
[BlackElo "2218"]

1.e4 d6 2.d4 Nf6 3.Nc3 e5 4.Nf3 Nbd7 5.Bc4 Be7 6.O-O O-O 7.a4 c6 8.Ba2 a5
9.Re1 h6 10.h3 Re8 11.Be3 Qc7 12.Nd2 Nf8 13.Nc4 Ra6 14.Qf3 Be6 15.Qg3 Ng6
16.Nxe5 dxe5 17.Bxe6 Bd6 18.Qxg6 Rxe6 19.Qf5 Nd7 20.Rad1 Rf6 21.Qh5 Rg6 22.Re2 exd4
23.Bxd4 Rg5 24.Qf3 Ne5 25.Bxe5 Bxe5 26.Red2 Bf6 27.Rd7 Qb6 28.b3 Ra8 29.Qd3 Re8
30.Qc4 Re6 31.Nb1 Rge5 32.Re1 Bh4 33.Rd2 Rg6 34.Qd4 Qc7 35.Ree2 Reg5 36.Qd8+ Qxd8
37.Rxd8+ Kh7 38.f3 Rxg2+ 39.Rxg2 Bxd8 40.Na3 Rd6 41.Nc4 Rd1+ 42.Kf2 b5 43.Ke2 Rc1
44.Kd2 Rh1 45.Ne5 bxa4 46.bxa4 Bg5+ 47.Ke2 Rc1 48.Kd3 Rd1+ 49.Kc4 Ra1 50.Nxf7 Be7
51.Ne5 Rxa4+ 52.Kb3 Rb4+ 53.Ka2 Ra4+ 54.Kb3 Rb4+ 55.Ka2  1/2-1/2

[Event "4NCL 2006-07"]
[Site "Wokefield Park ENG"]
[Date "2007.05.05"]
[Round "9"]
[White "Berzinsh,R"]
[Black "Collinson,A"]
[Result "1/2-1/2"]
[WhiteElo "2429"]
[BlackElo "2384"]

1.e4 d6 2.d4 Nf6 3.Nc3 e5 4.Nf3 Nbd7 5.Bc4 Be7 6.O-O O-O 7.a4 c6 8.Ba2 b6
9.Qe2 a6 10.Rd1 Qc7 11.h3 Rb8 12.dxe5 dxe5 13.Nh4 Nc5 14.Nf5 Bxf5 15.exf5 b5
16.axb5 axb5 17.Bg5 Rbd8 18.Qe3 b4 19.Bxf6 Bxf6 20.Qxc5 bxc3 21.bxc3 e4 22.Re1 Qf4
23.Bb3 Be5 24.g3 Qxf5 25.Ra4 Qf6  1/2-1/2

[Event "TCh-RUS HL"]
[Site "Sochi RUS"]
[Date "2007.05.06"]
[Round "4"]
[White "Bazarov,K"]
[Black "Yatsenko,A"]
[Result "0-1"]
[WhiteElo "2232"]
[BlackElo "2430"]

1.e4 d6 2.d4 Nf6 3.Nc3 Nbd7 4.Bc4 e5 5.Nf3 Be7 6.O-O c6 7.a4 O-O 8.Re1 Rb8
9.h3 b6 10.Bg5 a6 11.Bf1 Bb7 12.Qc1 Re8 13.dxe5 dxe5 14.Nh4 h6 15.Bxf6 Nxf6
16.Nf5 Bc5 17.Bd3 Nh5 18.Ne2 Qg5 19.Qxg5 hxg5 20.g3 g6 21.Ne3 Nf6 22.Nc1 Bc8
23.Kg2 b5 24.Nb3 Bb6 25.axb5 axb5 26.Nd2 Nd7 27.Nf3 f6 28.c3 Nc5 29.Bc2 Be6
30.b4 Nb7 31.Red1 Ra8 32.h4 g4 33.Nd2 Bxe3 34.fxe3 c5 35.Bb3 c4 36.Bc2 Red8
37.Nf1 Kf7 38.Kf2 Rxd1 39.Rxa8 Rc1 40.Ra2 Nd6 41.Nd2 Bc8 42.Ra7+ Bb7 43.Ra2 Ke6
44.Rb2 Ra1 45.Kg2 f5 46.Kf2 Kf6 47.Kg2 Rc1 48.Ra2 Nxe4 49.Nxe4+ Bxe4+ 50.Bxe4 fxe4
51.Ra5 Rc2+ 52.Kf1 Rxc3 53.Kf2 Rc2+ 54.Kf1 Rc1+ 55.Kf2 c3 56.Ke2 Rb1  0-1